000 01231 a2200277 4500
003 Nust
005 20170207154044.0
010 _a 2006102246
020 _a0470126884 (cloth)
020 _a9780470126882 (cloth : alk. paper)
035 _a(OCoLC)77572843
035 _a(OCoLC)ocm77572843
040 _cNust
082 0 0 _a658.152
100 1 _aSanwal, Anand K.,
245 1 0 _aOptimizing corporate portfolio management :aligning investment proposals with organizational strategy -(E-BOOK)
_cAnand Sanwal.
260 _aHoboken, N.J. :
_bJohn Wiley & Sons,
_cc2007.
300 _axxvii, 190 p. :
_bill. ;
_c24 cm.
505 0 _aOverview of Corporate Portfolio Management (page-1), Bringing CPM to Your Organization (page-29), Applying CPM to Functional Areas within the Organization (page-91), case Studies (page-111).
650 0 _aCorporations
_xFinance.
650 0 _aPortfolio management.
651 _aE-BOOK
856 4 1 _3Contributor biographical information
_uhttp://www.loc.gov/catdir/enhancements/fy0741/2006102246-b.html
856 4 1 _3Publisher description
_uhttp://www.loc.gov/catdir/enhancements/fy0741/2006102246-d.html
856 4 1 _3Table of contents only
_uhttp://www.loc.gov/catdir/toc/ecip077/2006102246.html
942 _2ddc
_cBK
999 _c192790
_d192790